| 000 | 00668cac a22001931u 4500 | ||
|---|---|---|---|
| 090 | _c4427 | ||
| 008 | 081104t xxu||||| |||| 00| 0 eng d | ||
| 010 | _a 62008780 | ||
| 035 | _a(OCoLC)288202 | ||
| 082 |
_a660.28448 _bMCK |
||
| 100 | _aMcKelvey, James M. | ||
| 245 | 1 | 0 |
_aPolymer processing / _cJames M.McKelvey. |
| 260 |
_aNew York: _bWiley, _cc.[1962] |
||
| 300 |
_a409 p. _bill; _c24 cm. |
||
| 504 | _aIncludes bibliography. | ||
| 650 | 0 | _aPolymers and polymerization. | |
| 942 |
_cBB _k660.28448MCK _2ddc |
||
| 999 |
_c4427 _d4427 |
||